Normal view
MARC view
Entry Personal Name
001 - CONTROL NUMBER
- control field: 62863
003 - CONTROL NUMBER IDENTIFIER
- control field: dpl
005 - DATE AND TIME OF LATEST TRANSACTION
- control field: 20240306112959.0
008 - FIXED-LENGTH DATA ELEMENTS
- fixed length control field: 240306|| aca||aabn | a|a d
040 ## - CATALOGING SOURCE
- Original cataloging agency: dpl
- Transcribing agency: dpl
100 ## - HEADING--PERSONAL NAME
- Personal name: वर्मा, हरिशरण
670 ## - SOURCE DATA FOUND
- Source citation: Work cat.: (dpl)200697: वर्मा, हरिशरण , परिश्रम नाटक -संग्रह /, 2023
